Diseño y construcción de estructuras sismorresistentes de albañilería (Registro nro. 21543)

Detalles MARC
000 -Cabecera
Campo de control interno 00530nam a22002057a 4500
005 - Fecha y hora del registro
control field 20260312090715.0
008 - Elementos de Longitud Fija
fixed length control field 260312b |||||||| |||| 00| 0 spa d
041 ## - Idioma
Codigo Idioma ESP
082 ## - DEWEY y NOTACIÓN INTERNA
Dewey 624.17
Notación Interna S21A 2018
100 ## - AUTOR
Autor denominación San Bartolomé Ramos, Ángel
245 ## - TÍTULO DE MATERIAL BIBLIOGRÁFICO
Título Diseño y construcción de estructuras sismorresistentes de albañilería
260 ## - CIUDAD, EDITORIAL, AÑO
Ciudad :
Nombre de la Editorial ,
Año 2018
300 ## - DESCRIPCIÓN
N° Páginas 343 páginas :
Otros detalles ;
Dimensiones 24 cm.
440 ## - MENCIÓN DE SERIE
Título de la Serie ;
650 ## - TEMAS
Temas Tecnología (Ciencias Aplicadas)
654 ## - PROGRAMAS
Programa Dpto. de Ingeniería Civil
700 ## - OTROS AUTORES
Otros autores ;
942 ## - ELEMENTOS DE KOHA
Tipo de documento Libro
Nombre del creador Justo Noguera
Código de catalogador Justo Noguera
Esquema de clasificación Dewey Decimal Classification
Existencias
Codigo completo Registro Colección Copia número Disponibilidad Tipo de préstamo Biblioteca Actual Procedencia (Biblioteca) Ubicacón Fecha Ingreso Tipo de Adquisición Date last seen Total checkouts Price effective from Tipo de Item Estado del Material Fuente de Clasificación Damaged status Withdrawn status
624.17 S21A 2018 1070509 Universidad Católica San Pablo 1 Disponible Disponible Víctor Andrés Belaunde Víctor Andrés Belaunde Segundo piso 12/03/2026 Compra 12/03/2026   12/03/2026 Libro Bueno Dewey Decimal Classification    
624.17 S21A 2018 1070510 Universidad Católica San Pablo 2 Disponible Disponible Víctor Andrés Belaunde Víctor Andrés Belaunde Segundo piso 12/03/2026 Compra 12/03/2026   12/03/2026 Libro Bueno Dewey Decimal Classification